| 000 -LEADER |
| fixed length control field |
01710cam a2200373 i 4500 |
| 001 - CONTROL NUMBER |
| control field |
18160607 |
| 005 - DATE AND TIME OF LATEST TRANSACTION |
| control field |
20250114114821.0 |
| 008 - FIXED-LENGTH DATA ELEMENTS--GENERAL INFORMATION |
| fixed length control field |
140522t20132013pk 001 0 urd |
| 010 ## - LIBRARY OF CONGRESS CONTROL NUMBER |
| LC control number |
2013420233 |
| 020 ## - INTERNATIONAL STANDARD BOOK NUMBER |
| International Standard Book Number |
9780195979947 |
| 020 ## - INTERNATIONAL STANDARD BOOK NUMBER |
| International Standard Book Number |
019597994X |
| 040 ## - CATALOGING SOURCE |
| Original cataloging agency |
DLC |
| Transcribing agency |
DLC |
| Description conventions |
rda |
| Modifying agency |
DLC |
| 041 0# - LANGUAGE CODE |
| Language code of text/sound track or separate title |
urd |
| -- |
eng |
| 042 ## - AUTHENTICATION CODE |
| Authentication code |
pcc |
| 082 ## - DEWEY DECIMAL CLASSIFICATION NUMBER |
| Classification number |
423,OXF |
| 245 00 - TITLE STATEMENT |
| Title |
Oxford Urdu-English Dictionary / |
| 264 #1 - PRODUCTION, PUBLICATION, DISTRIBUTION, MANUFACTURE, AND COPYRIGHT NOTICE |
| Linkage |
880-02 |
| Place of production, publication, distribution, manufacture |
Karachi |
| Name of producer, publisher, distributor, manufacturer |
Oxford University Press, |
| Date of production, publication, distribution, manufacture, or copyright notice |
2013. |
| 264 #4 - PRODUCTION, PUBLICATION, DISTRIBUTION, MANUFACTURE, AND COPYRIGHT NOTICE |
| Date of production, publication, distribution, manufacture, or copyright notice |
©2013 |
| 300 ## - PHYSICAL DESCRIPTION |
| Extent |
34, 1165 pages ; |
| Dimensions |
28 cm |
| 546 ## - LANGUAGE NOTE |
| Language note |
Urdu and English. |
| 650 #0 - SUBJECT ADDED ENTRY--TOPICAL TERM |
| Topical term or geographic name entry element |
Urdu language |
| Form subdivision |
Dictionaries |
| General subdivision |
English. |
| 9 (RLIN) |
127555 |
| 700 1# - ADDED ENTRY--PERSONAL NAME |
| Linkage |
880-03 |
| Personal name |
Salīmuddīn, Es. Em., |
| Relator term |
compiler. |
| 9 (RLIN) |
127556 |
| 700 1# - ADDED ENTRY--PERSONAL NAME |
| Linkage |
880-04 |
| Personal name |
Anjum, Suhail, |
| Relator term |
compiler. |
| 9 (RLIN) |
127557 |
| 700 1# - ADDED ENTRY--PERSONAL NAME |
| Linkage |
880-05 |
| Personal name |
Pārekh, Raʼūf, |
| Relator term |
editor. |
| 9 (RLIN) |
127558 |
| 856 42 - ELECTRONIC LOCATION AND ACCESS |
| Materials specified |
Contributor biographical information |
| Uniform Resource Identifier |
<a href="http://www.loc.gov/catdir/enhancements/fy1410/2013420233-b.html">http://www.loc.gov/catdir/enhancements/fy1410/2013420233-b.html</a> |
| 856 42 - ELECTRONIC LOCATION AND ACCESS |
| Materials specified |
Publisher description |
| Uniform Resource Identifier |
<a href="http://www.loc.gov/catdir/enhancements/fy1410/2013420233-d.html">http://www.loc.gov/catdir/enhancements/fy1410/2013420233-d.html</a> |
| 856 41 - ELECTRONIC LOCATION AND ACCESS |
| Materials specified |
Table of contents only |
| Uniform Resource Identifier |
<a href="http://www.loc.gov/catdir/enhancements/fy1410/2013420233-t.html">http://www.loc.gov/catdir/enhancements/fy1410/2013420233-t.html</a> |
| 880 00 - ALTERNATE GRAPHIC REPRESENTATION |
| Linkage |
245-01/(3/r |
| Title |
اوکسفرڈ اردو انگريزى لغت / = |
| b |
Oxford Urdu-English dictionary / |
| c |
ايس. ايم سليمالدّين، سهيل انجم ,مؤلفين ؛ مدير اعلىٰ، رؤف پاريکھ |
| 880 #1 - ALTERNATE GRAPHIC REPRESENTATION |
| Linkage |
264-02/(4/r |
| Title |
کراچى : |
| b |
Oxford University Press, |
| c |
2013. |
| 880 1# - ALTERNATE GRAPHIC REPRESENTATION |
| Linkage |
700-03/(3/r |
| Title |
سليمالدّين، ايس. ايم.، |
| 880 1# - ALTERNATE GRAPHIC REPRESENTATION |
| Linkage |
700-04/(3/r |
| Title |
انجم، سهيل، |
| 880 1# - ALTERNATE GRAPHIC REPRESENTATION |
| Linkage |
700-05/(4/r |
| Title |
پاريکھ، رؤف، |
| 942 ## - ADDED ENTRY ELEMENTS (KOHA) |
| Source of classification or shelving scheme |
|
| Koha item type |
Book |
| Classification part |
423,OXF |